|
|
|
|
| LEADER |
01107nam a2200289 a 4500 |
| 001 |
GR-MES38 |
| 008 |
991111s1988 enk 000 b eng d |
| 020 |
|
|
|a 0002190087
|
| 040 |
|
|
|a GrPaTEI
|b gre
|c GR-PaULI
|
| 245 |
0 |
0 |
|a Collins guide to the sea fishes of Britain and North-Western Europe.
|
| 250 |
|
|
|a reprinted 1988
|
| 260 |
|
|
|a London :
|b Collins,
|c 1988 c1974
|
| 300 |
|
|
|a 244σελ. :
|b εικ.
|
| 650 |
|
4 |
|a Αλιεία-Βιομηχανία
|
| 650 |
|
4 |
|a Αλιευτική βιολογία
|
| 650 |
|
4 |
|a Σπονδυλωτά-Περιγραφή
|
| 650 |
|
4 |
|a Τεχνικές αλιείας
|
| 650 |
|
4 |
|a Ψάρια-Βιολογία
|
| 650 |
|
4 |
|a Ψάρια-Γεωγραφική κατανομή
|
| 700 |
1 |
|
|a Dahlstrom, Preben
|
| 700 |
1 |
|
|a Muus, Bent J.
|
| 700 |
1 |
|
|a Vevers, Gwynne
|
| 710 |
2 |
|
|a Korinzukai
|
| 942 |
|
|
|2 ddc
|
| 952 |
|
|
|0 0
|1 0
|2 ddc
|4 0
|6 597_424910000000000_MUU
|7 0
|9 263283
|a MSLG
|b MSLG
|c BSC
|d 2021-01-17
|e 24
|f 0
|g 0.00
|l 0
|o 597.42491 MUU
|p 2420000002929
|r 2021-01-17 00:00:00
|t 1
|w 2021-01-17
|y BK15
|x 19991111 0 1
|x GrPaTEI
|
| 971 |
|
|
|a .b25710795
|b 16-04-20
|c 13-09-16
|
| 999 |
|
|
|c 151534
|d 151534
|